000 00579nam a2200217Ia 4500
005 20250425162314.0
008 250425s9999 xx 000 0 und d
020 _a8474337828
041 _aspa
082 _a660.60946
100 _aMORENO LUIS, LEMKOW LOUIS, LIZON ANGELES
245 0 _aMBIOTECNOLOGIA Y SOCIEDAD. PERCEPCION Y ACTITUDES PUBLICAS.
250 _aS.E.
260 _aEspaƱa
_bMINISTERIO DE OBRAS PUBLICAS Y TRANSPORTES
_c1992
260 _aS.L.
300 _a185
650 _aDESARROLLO
650 _aINVESTIGACION
942 _c01
010 _a60475
999 _c226490
_d226490